Handwörterbuch des europäischen privaterchs.

Saved in:
Bibliografiske detaljer
Hovedforfatter: Basedow, Jürgen (autor)
Andre forfattere: Hopt, Klaus J. (autor), Zimmermann, Reinhard (autor)
Format: Bog
Sprog:engelsk
Udgivet: Tübingen, Deustchland : Mohr Siebeck, 2011.
Fag:
Tags: Tilføj Tag
Ingen Tags, Vær først til at tagge denne postø!

MARC

LEADER 00000nam a22000007a 4500
003 CL-VaPUC
005 20220822114505.0
008 220614b2011 ||||| |||| 00| 0 eng d
999 |c 436027  |d 436025 
020 |a 978-3-16-150736-6 
040 |c Pontificia Universidad Católica de Valparaíso 
082 7 |a 346.24003 BAS 2011  |2 22 
100 1 |a Basedow, Jürgen   |e autor  |9 870680 
245 |a Handwörterbuch des europäischen privaterchs. 
260 |a Tübingen, Deustchland :   |b Mohr Siebeck,  |c 2011. 
300 |a 2 volúmenes. 
500 |a v.I- II. c.1 Donación Familia Prof. Alejandro Guzmán Brito. 
505 |a Band I. A-Kar. Band II. Kau-Z. 
583 |c 20220614  |k Cristina María Rojas Aguilar 
650 |a Derecho privado   |z Europa  |x Manuales  |x Diccionarios  |9 870681 
700 |a Hopt, Klaus J.  |e autor  |9 870682 
700 |a Zimmermann, Reinhard  |e autor  |9 870683 
942 |2 ddc  |c BK  |n 0 
952 |0 0  |1 0  |2 ddc  |4 0  |6 346_240030000000000_BAS_2011  |7 1  |8 C_AGB  |9 583705  |a BIBDER  |b BIBDER  |d 2022-06-14  |e Donación   |h B.I  |i 5651834  |o 346.24003 BAS 2011  |p 5651834  |r 2023-01-25  |t 1  |w 2022-06-14  |y BK_US  |k AGB 
952 |0 0  |1 0  |2 ddc  |4 0  |6 346_240030000000000_BAS_2011  |7 1  |8 C_AGB  |9 583706  |a BIBDER  |b BIBDER  |d 2022-06-14  |e Donación   |h B.II  |i 5651835  |o 346.24003 BAS 2011  |p 5651835  |r 2023-01-25  |t 1  |w 2022-06-14  |y BK_US  |k AGB